00567 2200193 4500001002100000008004100021035002000062245008900082100002400171250001000195260003800205300002800243020002200271084001600293520002600309082001000335650001700345990001100362INLIS000000000014823 ind  a0010-1022000141 aJalalluddin Bumi: Sang Maestro Cinta IlahicMahbub Djamaluddin;penyunting, Qin Mahdy aMAHMUB, Djamaluddin acet.1 aDepok :bSenja Media Utama,c2022 a113 hlm.: ilus.c21 cm. a978-602-71822-7-1 a297.5 MAH j aBibliografi.: 109-110 a297.5 aISLAM.AKHLAK a9693 a